| 000 | 005110000a22001570004500 | ||
|---|---|---|---|
| 090 |
_aAS _bSeriadas |
||
| 245 | 1 | 0 | _aLong-term effects of deforestation on soil properties and vegetation in a tropical lowland forest in Colombia |
| 041 | 0 | _aInglés | |
| 700 | 1 |
_aAide, T. Mitchell _94378 |
|
| 700 | 1 |
_aDupuy, Juan Manuel _9100202 |
|
| 700 | 1 |
_aEusse, Ana María _9100203 |
|
| 700 | 1 |
_aSantos, Carolina _9100204 |
|
| 100 | 1 |
_aCavelier, Jaime _93680 |
|
| 942 | _cARTICULO | ||
| 773 | 1 |
_tEcotropicos _h2 _q57-68 _d1999 _g12 |
|
| 999 |
_c15962 _d15962 |
||